Tere Sur aur Mere Geet/ (Record no. 208737)

MARC details
000 -LEADER
fixed length control field 00578nam a22001937a 4500
005 - DATE AND TIME OF LATEST TRANSACTION
control field 20250124144222.0
010 ## - LCCN (DPL NO)
LC control number ENG-143568
020 ## - INTERNATIONAL STANDARD BOOK NUMBER
International Standard Book Number 9788195893904
Terms of availability 899.00
035 ## - SYSTEM CONTROL NUMBER
System control number EN-127100
037 ## - SOURCE OF ACQUISITION
Source of stock number/acquisition DBAD
082 ## - DEWEY DECIMAL CLASSIFICATION NUMBER
Classification number 791.43
100 ## - MAIN ENTRY--PERSONAL NAME
Personal name Chawla, Anirudh
245 ## - TITLE STATEMENT
Title Tere Sur aur Mere Geet/
Statement of responsibility, etc By Anirudh Chawla
250 ## - EDITION STATEMENT
Edition statement 1
260 ## - PUBLICATION, DISTRIBUTION, ETC. (IMPRINT)
Place of publication, distribution, etc Noida
Name of publisher, distributor, etc Book Street Publications
Date of publication, distribution, etc 2023
270 ## - ADDRESS
Address 2203,Express Trade Towers-2,Sector-132
City Noida
Postal code 201304
Electronic mail address jaipl3e@gmail.com
300 ## - PHYSICAL DESCRIPTION
Extent xviii,567p.
Dimensions 21cm (hb)
942 ## - ADDED ENTRY ELEMENTS (KOHA)
Source of classification or shelving scheme Dewey Decimal Classification
Item type English Books
Classification part 791.43
Call number suffix CHA
Holdings
Withdrawn status Lost status Not for loan Collection code Home library Current library Date acquired Source of acquisition Cost, normal purchase price Full call number Barcode Copy number Cost, replacement price Koha item type
      Non-fiction Vinoba Puri Vinoba Puri 24/01/2025 Delivery of Books Act Division 899.00 791.43 CHA EN-127100 1 899.00 English Books

© Delhi Public Library
Hit Counter
free hit counter